000 00341nam a22001457a 4500
999 _c9272
_d9272
003 OSt
008 201120b ||||| |||| 00| 0 eng d
100 _aAgarwal, Rohini
245 _aKatha Karam
250 _a2nd ed
260 _aNew Delhi
_bKhatu Shyam Prakashan
_c2012
300 _a122
650 _aB.A Hons. English
942 _2ddc
_cBK
_05